[Event "European Youth Chess Championship B14"]
[Site "Prague, Top Hotel Prague"]
[Date "2012.08.18"]
[Round "2.59"]
[White "Bares, Jachym"]
[Black "Zubkov, Vsevolod"]
[Result "1/2-1/2"]
[WhiteElo "1684"]
[BlackElo "1928"]
[PlyCount "94"]
[EventDate "2012.08.17"]

1. e4 c5 2. Nf3 e6 3. d4 cxd4 4. Nxd4 a6 5. Nc3 b5 6. Bd3 Qb6 7. Nf3 Bc5 8. O-O
d6 9. a3 Qc7 10. Qe2 Nc6 11. Be3 Bxe3 12. Qxe3 Nf6 13. Rfd1 O-O 14. Rd2 Ng4 15.
Qg5 Nge5 16. Nxe5 dxe5 17. Qe3 Rd8 18. Rad1 Bb7 19. f3 Nd4 20. Ne2 Rd6 21. Nc1
Rad8 22. c3 Nc6 23. Nb3 Ne7 24. Nc5 Ng6 25. g3 Bc8 26. Nb3 Nf8 27. Be2 Rxd2 28.
Rxd2 Rxd2 29. Qxd2 Nd7 30. Qd3 Nb6 31. Qd2 f6 32. Kg2 Kf7 33. Nc1 Bb7 34. Na2
Na4 35. Nb4 Nc5 36. Bd1 f5 37. exf5 exf5 38. Bc2 e4 39. fxe4 Nxe4 40. Bxe4
Bxe4+ 41. Kg1 Ba8 42. Kf1 Qb7 43. Qf2 Qe4 44. Nc2 Qd3+ 45. Qe2 Be4 46. Ne1 Qd7
47. c4 Qc6 1/2-1/2

[Event "European Youth Chess Championship B14"]
[Site "Prague, Top Hotel Prague"]
[Date "2012.08.18"]
[Round "2.60"]
[White "Rajkovic, Mladen"]
[Black "Inan, Canberk"]
[Result "1-0"]
[WhiteElo "1926"]
[BlackElo "1673"]
[PlyCount "131"]
[EventDate "2012.08.17"]

1. e4 c5 2. Nf3 d6 3. Bc4 Nf6 4. d3 e6 5. Bb3 d5 6. e5 Nfd7 7. c3 Nc6 8. d4 b6
9. O-O Bb7 10. Re1 Be7 11. Nbd2 h6 12. Nf1 g5 13. Be3 Qc7 14. Ng3 g4 15. Nd2 h5
16. f3 O-O-O 17. fxg4 hxg4 18. Qxg4 Rdg8 19. Qf3 Nd8 20. Ndf1 Nxe5 21. dxe5 d4
22. Qf2 dxe3 23. Nxe3 Bh4 24. Nef1 Nc6 25. Qe3 Ne7 26. Re2 c4 27. Bc2 Nd5 28.
Qd4 Be7 29. Kh1 Bc5 30. Qd2 Qd8 31. Ne4 Bf8 32. Qd4 Qc7 33. Nd6+ Bxd6 34. exd6
Qxd6 35. Qxc4+ Kb8 36. Qd4 Qc7 37. Be4 e5 38. Qa4 Nf4 39. Rf2 f5 40. Bxb7 Qxb7
41. Qc2 Rg5 42. Rd1 Qh7 43. Qd2 Rh5 44. Qd6+ Qc7 45. Qxc7+ Kxc7 46. g3 Nh3 47.
Rfd2 R8h7 48. Kg2 f4 49. Re1 Rf5 50. gxf4 exf4 51. Kf3 Rg7 52. Rd4 Ng1+ 53. Kf2
Nh3+ 54. Kf3 Ng1+ 55. Ke4 Rgg5 56. Red1 Re5+ 57. Kd3 Nh3 58. Kc4 Kb7 59. Rd7+
Ka6 60. b4 b5+ 61. Kb3 Re6 62. Rh7 Nf2 63. Rdd7 Rg1 64. Nd2 Ne4 65. Nxe4 Rxe4
66. Rh6+ 1-0

[Event "European Youth Chess Championship B14"]
[Site "Prague, Top Hotel Prague"]
[Date "2012.08.18"]
[Round "2.61"]
[White "Truksa, Vaclav"]
[Black "Voloshin, Pavel"]
[Result "0-1"]
[WhiteElo "1673"]
[BlackElo "1922"]
[PlyCount "98"]
[EventDate "2012.08.17"]

1. e4 e6 2. Nf3 d5 3. Nc3 Nf6 4. exd5 exd5 5. d4 Bf5 6. Bd3 Bxd3 7. Qxd3 c6 8.
O-O Be7 9. Re1 O-O 10. Bg5 h6 11. Qe3 Bd6 12. Bf4 Re8 13. Qd2 Na6 14. Rxe8+
Nxe8 15. Bxd6 Nxd6 16. Qf4 Nc7 17. Re1 Ne6 18. Qg4 Qf6 19. Ne5 Qf5 20. Qd1 Re8
21. Re3 Qf6 22. Rf3 Qe7 23. Qd3 Nxd4 24. Qxd4 Qxe5 25. Qxe5 Rxe5 26. Kf1 Nc4
27. Nb1 Re7 28. b3 Nd6 29. Nd2 Ne4 30. Nxe4 Rxe4 31. Rd3 Kf8 32. f3 Re5 33. Kf2
Ke7 34. Re3 Rxe3 35. Kxe3 Ke6 36. Kd4 b6 37. c4 c5+ 38. Kd3 d4 39. Ke2 Kf5 40.
Kd3 h5 41. g3 g5 42. a3 Ke5 43. b4 a5 44. bxa5 bxa5 45. a4 Kf5 46. h3 h4 47.
g4+ Kf4 48. Ke2 Kg3 49. Kf1 Kxf3 0-1

[Event "European Youth Chess Championship B14"]
[Site "Prague, Top Hotel Prague"]
[Date "2012.08.18"]
[Round "2.62"]
[White "Molnar, Erno"]
[Black "Cavadas, Francisco"]
[Result "1-0"]
[WhiteElo "1919"]
[BlackElo "1649"]
[PlyCount "45"]
[EventDate "2012.08.17"]

1. e4 c5 2. Nf3 g6 3. d4 cxd4 4. Nxd4 Bg7 5. Nc3 Nc6 6. Be3 Nf6 7. Bc4 O-O 8.
Bb3 d6 9. f3 Bd7 10. Qd2 Nxd4 11. Bxd4 b5 12. g4 a5 13. a4 b4 14. Nd5 Be6 15.
h4 Bxd5 16. exd5 Re8 17. O-O-O Rc8 18. h5 Qc7 19. hxg6 fxg6 20. Rh2 h5 21. gxh5
Nxh5 22. Bxg7 Kxg7 23. Rxh5 1-0

[Event "European Youth Chess Championship B14"]
[Site "Prague, Top Hotel Prague"]
[Date "2012.08.18"]
[Round "2.63"]
[White "Miculka, David"]
[Black "Sorin, Ilya"]
[Result "0-1"]
[WhiteElo "1915"]
[BlackElo "1575"]
[PlyCount "60"]
[EventDate "2012.08.17"]

1. e4 e5 2. Nf3 Nc6 3. Bb5 Bc5 4. O-O Nf6 5. d3 Nd4 6. Nxd4 Bxd4 7. c3 Bb6 8.
Re1 c6 9. Ba4 d5 10. h3 dxe4 11. dxe4 Be6 12. Qe2 Qe7 13. Bg5 O-O-O 14. Nd2 h6
15. Be3 Bxe3 16. Qxe3 Kb8 17. Nf3 Bc8 18. Rad1 g5 19. Nh2 g4 20. h4 g3 21. Qxg3
Nh5 22. Qf3 Qxh4 23. g3 Rdg8 24. Kh1 Nxg3+ 25. fxg3 Rxg3 26. Qf2 Rhg8 27. Rd2
Bh3 28. Rd3 Bg2+ 29. Kg1 Bf3+ 30. Kf1 Qh3+ 0-1

[Event "European Youth Chess Championship B14"]
[Site "Prague, Top Hotel Prague"]
[Date "2012.08.18"]
[Round "2.64"]
[White "Cach, Jakub"]
[Black "Kravec, Patrik"]
[Result "1-0"]
[WhiteElo "1596"]
[BlackElo "1910"]
[PlyCount "93"]
[EventDate "2012.08.17"]

1. e4 c5 2. Nf3 Nc6 3. d4 cxd4 4. Nxd4 g6 5. Nc3 Bg7 6. Be3 Nf6 7. Be2 O-O 8.
O-O d5 9. exd5 Nxd5 10. Nxd5 Qxd5 11. Bf3 Qc4 12. Nxc6 bxc6 13. c3 Rb8 14. Qc1
Ba6 15. Re1 Rb7 16. Qc2 Qd3 17. Qc1 Qc4 18. Qc2 Qd3 19. Qc1 Qd6 20. Rd1 Qc7 21.
h4 Rbb8 22. h5 Rfd8 23. Qc2 Bc4 24. hxg6 hxg6 25. Rxd8+ Rxd8 26. Qa4 Bd5 27.
Bxd5 Rxd5 28. Qxa7 Qd6 29. Qa8+ Kh7 30. Qa4 Rh5 31. Bf4 Qf6 32. Bg3 Rb5 33. Qc2
Bh6 34. a4 Rh5 35. Qe4 Ra5 36. Bh4 Bg5 37. Bxg5 Rxg5 38. a5 Rb5 39. Qe2 Qh4 40.
Qf3 Rh5 41. Qxh5+ Qxh5 42. a6 Qe2 43. a7 Qxb2 44. a8=Q Qxc3 45. Qa3 Qe5 46. Rc1
g5 47. Qc5 1-0

[Event "European Youth Chess Championship B14"]
[Site "Prague, Top Hotel Prague"]
[Date "2012.08.18"]
[Round "2.65"]
[White "Liebert, Erwin"]
[Black "Chistiakov, Mihail"]
[Result "1-0"]
[WhiteElo "1566"]
[BlackElo "1879"]
[PlyCount "125"]
[EventDate "2012.08.17"]

1. e4 c5 2. Nf3 d6 3. d4 cxd4 4. Qxd4 a6 5. c4 Nc6 6. Qd2 g6 7. b3 Bg7 8. Nc3
Bh6 9. Qb2 Bxc1 10. Rxc1 e5 11. Rd1 Bg4 12. Be2 Bxf3 13. Bxf3 Nd4 14. Ne2 Qa5+
15. Qd2 Qxd2+ 16. Rxd2 Nxe2 17. Kxe2 O-O-O 18. Rhd1 Ne7 19. Rxd6 Rxd6 20. Rxd6
Kc7 21. Rf6 Rf8 22. Bg4 Ng8 23. Rf3 h5 24. Be6 Nh6 25. Rf6 Rd8 26. Bd5 Rd7 27.
h3 b6 28. f3 Rd6 29. Rxd6 Kxd6 30. g4 hxg4 31. hxg4 g5 32. Kd3 a5 33. a3 Ke7
34. b4 axb4 35. axb4 Ng8 36. c5 bxc5 37. bxc5 Nf6 38. Kc4 Ne8 39. Kb5 f6 40.
Kb6 Kd8 41. Bf7 Nc7 42. Kc6 Kc8 43. Kd6 Kd8 44. c6 Nb5+ 45. Ke6 Nd4+ 46. Kxf6
Nxf3 47. Bd5 Kc7 48. Ke6 Nh2 49. Kxe5 Nxg4+ 50. Kf5 Nf2 51. Kxg5 Nd3 52. Kf5
Kd6 53. Kf6 Ne5 54. Kg5 Nd3 55. Kf5 Nb4 56. e5+ Kc7 57. Be4 Na6 58. Kf6 Nc5 59.
Bf3 Na6 60. Kf7 Nc5 61. e6 Nd3 62. Be4 Ne5+ 63. Kf8 1-0